Invaluable chance to rethink accounts (Record no. 71142)
[ view plain ]
| 000 -LEADER | |
|---|---|
| fixed length control field | 01081cam a2200229 4500 |
| 001 - CONTROL NUMBER | |
| control field | ABS65887 |
| 008 - FIXED-LENGTH DATA ELEMENTS--GENERAL INFORMATION | |
| fixed length control field | 020911n2002 000 0 eng u |
| 035 ## - SYSTEM CONTROL NUMBER | |
| System control number | (Sirsi) u119672 |
| 100 ## - MAIN ENTRY--PERSONAL NAME | |
| Personal name | Brett, M. |
| 245 ## - TITLE STATEMENT | |
| Title | Invaluable chance to rethink accounts |
| 260 ## - PUBLICATION, DISTRIBUTION, ETC. | |
| Date of publication, distribution, etc. | 2002 |
| 490 ## - SERIES STATEMENT | |
| Series statement | Estates Gazette |
| Volume/sequential designation | 7 September 2002, 62(1) |
| 520 ## - SUMMARY, ETC. | |
| Summary, etc. | Reviews the tax changes that are occuring and how they affect the way property is treated. Points out that by 2005, if companies are listed they will have to produce accounts that conform to the standards issued by the International Accounting Standards Board. International versions of these standards are themselves undergoing revision and many UK domestic standards are going to be brought into line with these. Alongside all these changes, the government is planning major changes to the corporation tax system. |
| 590 ## - LOCAL NOTE (RLIN) | |
| Local note | ABS |
| 650 ## - SUBJECT ADDED ENTRY--TOPICAL TERM | |
| Topical term or geographic name entry element | TAXATION |
| 650 ## - SUBJECT ADDED ENTRY--TOPICAL TERM | |
| Topical term or geographic name entry element | PROPERTY TAXES |
| 650 ## - SUBJECT ADDED ENTRY--TOPICAL TERM | |
| Topical term or geographic name entry element | CORPORATION TAX |
| 650 ## - SUBJECT ADDED ENTRY--TOPICAL TERM | |
| Topical term or geographic name entry element | ACCOUNTING STANDARDS BOARD |
| 650 ## - SUBJECT ADDED ENTRY--TOPICAL TERM | |
| Topical term or geographic name entry element | CAPITAL ALLOWANCES |
| 690 ## - LOCAL SUBJECT ADDED ENTRY--TOPICAL TERM (OCLC, RLIN) | |
| Topical term or geographic name as entry element | TAXATION |
| 942 ## - ADDED ENTRY ELEMENTS (KOHA) | |
| Suppress in OPAC | 0 |
| Withdrawn status | Lost status | Source of classification or shelving scheme | Damaged status | Not for loan | Home library | Current library | Shelving location | Date acquired | Total Checkouts | Full call number | Barcode | Date last seen | Copy number | Price effective from | Koha item type |
|---|---|---|---|---|---|---|---|---|---|---|---|---|---|---|---|
| Dewey Decimal Classification | London | London | Journal article | 11/09/2002 | ABS65887 | 119672-1001 | 06/08/2019 | 1 | 06/08/2019 | Journal article |